| 000 | 00581nam a22001817a 4500 | ||
|---|---|---|---|
| 003 | OSt | ||
| 005 | 20140310182144.0 | ||
| 008 | 130829t xxu||||| |||| 00| 0 eng d | ||
| 020 | _a9713401905 | ||
| 050 |
_aTX 911.3 _b.T768 1998 |
||
| 082 |
_aHS 647 _bT68 1998 |
||
| 245 |
_aTraining regulations : _btourism, hotel and restaurant occupations / _cTechnical Education and Skills Development Authority |
||
| 260 |
_aTaguig, Metro Manila : _bTESDA, _cc1998. |
||
| 300 |
_a426 p. : _c25 cm. |
||
| 650 |
_aOccupations _xHotel & Restaurants _915455 |
||
| 942 |
_2lcc _cHS |
||
| 999 |
_c9902 _d9902 |
||